Loading...
| Current Events | 1 | 20.00 | 100% | 100% | 0% |
| Fine Arts - Classical Music | 8 | 25.00 | 100% | 100% | 50% |
| Fine Arts - Other Fine Arts | 9 | 15.56 | 100% | 56% | 0% |
| Fine Arts - Painting and Sculpture | 8 | 13.75 | 100% | 38% | 0% |
| Geography | 3 | 20.00 | 100% | 67% | 33% |
| History - American History | 9 | 17.78 | 100% | 78% | 0% |
| History - European History | 6 | 20.00 | 100% | 100% | 0% |
| History - Other History | 6 | 16.67 | 100% | 50% | 17% |
| History - World History | 7 | 17.14 | 100% | 57% | 14% |
| Literature - American Literature | 7 | 15.71 | 100% | 57% | 0% |
| Literature - British Literature | 9 | 21.11 | 100% | 89% | 22% |
| Literature - European Literature | 8 | 18.75 | 100% | 63% | 25% |
| Literature - World Literature | 5 | 18.00 | 100% | 60% | 20% |
| Mythology | 9 | 17.78 | 100% | 67% | 11% |
| Philosophy | 8 | 16.25 | 100% | 63% | 0% |
| Pop Culture | 2 | 20.00 | 100% | 50% | 50% |
| Religion | 12 | 18.33 | 100% | 67% | 17% |
| Science - Biology | 8 | 11.25 | 100% | 13% | 0% |
| Science - Chemistry | 6 | 15.00 | 100% | 50% | 0% |
| Science - Other Science | 7 | 21.43 | 100% | 86% | 29% |
| Science - Physics | 8 | 20.00 | 100% | 88% | 13% |
| Social Science | 10 | 17.00 | 100% | 60% | 10% |